Chicano-Chicana Americana : pop culture pluralism starring Anthony Quinn, Katy Jurado, Robert Beltran, and Lupe Ontiveros /

Bibliographic Details
Main Author: Macias, Anthony F. (Author)
Format: eBook
Language:English
Published: Tucson : The University of Arizona Press, 2023.
Series:Latinx pop culture.
Subjects:
Online Access:Connect to the full text of this electronic book

MARC

Tag First Indicator Second Indicator Subfields
LEADER 00000nam a2200000 i 4500
001 in00004650607
006 m o d
007 cr cnu---unuuu
008 220609t20232023azua ob 001 0ceng
005 20230320132155.6
010 |a  2022018666 
020 |a 9780816547241  |q electronic book 
020 |a 0816547246  |q electronic book 
020 |z 9780816547234  |q paperback 
035 |a (DLC)jstor22573/CTV33HZ83K 
040 |a NhCcYBP  |c NhCcYBP 
042 |a pcc 
043 |a n-us--- 
050 4 |a E184.S75  |b M335 2023 
082 0 0 |a 305.868/073  |2 23/eng/20220623 
100 1 |a Macias, Anthony F.,  |e author. 
245 1 0 |a Chicano-Chicana Americana :  |b pop culture pluralism starring Anthony Quinn, Katy Jurado, Robert Beltran, and Lupe Ontiveros /  |c Anthony Macías. 
264 1 |a Tucson :  |b The University of Arizona Press,  |c 2023. 
264 4 |c ©2023 
300 |a 1 online resource. 
336 |a text  |b txt  |2 rdacontent 
337 |a computer  |b c  |2 rdamedia 
338 |a online resource  |b cr  |2 rdacarrier 
490 1 |a Latinx pop culture 
504 |a Includes bibliographical references and index. 
505 0 0 |t Introduction: title, subtitle, context --  |g 1.  |t "I hate all forms of nationalism": Anthony Quinn's unconventional adventure --  |g 2.  |t "Art doesn't have borders": Katy Jurado standing strong onscreen, in Hollywood --  |g 3.  |t "A human being with a creative mind": Robert Beltran, from classical theater to deep space --  |g 4.  |t "Notable, humorous, and human": Lupe Ontiveros and the art of the character actor --  |t Conclusion: reimagining Americana. 
588 |a Description based on online resource; title from digital title page (viewed on January 06, 2023). 
650 0 |a Hispanic American actors  |z United States  |v Biography. 
650 0 |a Hispanic Americans in the performing arts  |z United States. 
650 0 |a Hispanic Americans in popular culture  |z United States. 
650 0 |a Hispanic Americans  |z United States  |x Ethnic identity. 
655 7 |a Electronic books.  |2 local 
776 1 8 |i Print version:  |a Macias, Anthony F.  |t Chicano-Chicana Americana  |d [Tucson] : The University of Arizona Press, 2023  |z 9780816547234  |w (DLC) 2022018665 
830 0 |a Latinx pop culture. 
856 4 0 |u http://proxy.library.tamu.edu/login?url=https://www.jstor.org/stable/10.2307/j.ctv33jb66h  |z Connect to the full text of this electronic book  |t 0 
955 |a JSTOR DDA record 
999 f f |s 2ab64531-d99a-45e8-a088-76eee45c72bc  |i 2f070f8e-d71e-49b3-ae6c-bdd148fb1076  |t 0 
952 f f |a Texas A&M University  |b College Station  |c Electronic Resources  |d Available Online  |t 0  |e E184.S75 M335 2023  |h Library of Congress classification 
998 f f |a E184.S75 M335 2023  |t 0  |l Available Online